Liverpool Players of the Season - Statistics

General Stats
  • This quiz has been taken 59 times
  • The average score is 20 of 23
Answer Stats
Season Position Nationality Player % Correct
22/23 Goalkeeper Brazil Alisson
100%
23/24 Forward Egypt Mohammed Salah
100%
21/22 Forward Egypt Mohammed Salah
100%
20/21 Forward Egypt Mohammed Salah
100%
17/18 Forward Egypt Mohammed Salah
100%
16/17 Forward Senegal Sadio Mane
100%
18/19 Defender Netherlands Virgil van Dijk
100%
13/14 Forward Uruguay Luis Suarez
98%
12/13 Forward Uruguay Luis Suarez
98%
19/20 Midfielder England Jordan Henderson
96%
08/09 Midfielder England Steven Gerrard
95%
06/07 Midfielder England Steven Gerrard
95%
05/06 Midfielder England Steven Gerrard
95%
04/05 Midfielder England Steven Gerrard
95%
03/04 Midfielder England Steven Gerrard
95%
15/16 Forward Brazil Philippe Coutinho
91%
14/15 Forward Brazil Philippe Coutinho
91%
07/08 Forward Spain Fernando Torres
89%
09/10 Goalkeeper Spain Pepe Reina
84%
11/12 Defender Slovakia Martin Skrtel
75%
10/11 Midfielder Brazil Lucas Leiva
56%
01/02 Defender Finland Sami Hyypia
53%
02/03 Midfielder England Danny Murphy
18%
No matching quizzes found
Score Distribution
Percent of People with Each Score
Percentile by Number Answered
Your Score History
You have not taken this quiz